000 00582 a2200193 4500
001 61846
005 20260407155910.0
008 260407a1972 arg spa d
003 AR-UNSa-BCEJYS
040 _aAR-UNSa-BCEJYS
_bspa
_cAR-UNSa-BCEJYS
080 _a347.72
_xSociedades comerciales
245 1 0 _aNuevo régimen de control societario
_pSuplemento de actualización. Julio de 1972
264 1 _aBuenos Aires :
_bCangallo
_c1972
300 _a148 p.
_c23 cm.
041 _aspa
942 _cBK
590 _aniveau_biblio:m niveau_hierar:0
100 1 _aMascheroni, Fernando H.
999 _c7436
_d7436